Erdély levél Marosvásárhelyről /

Elmentve itt :
Bibliográfiai részletek
Szerző: Hollósi Zsolt
Dokumentumtípus: Cikk
Megjelent: Belvedere Meridionale Szeged 1990
Sorozat:Belvedere Meridionale 2 No. 2
Kulcsszavak:Testvérváros - Szeged-Marosvásárhely
Tárgyszavak:
Online Access:http://acta.bibl.u-szeged.hu/4230
LEADER 00715nab a2200193 i 4500
001 acta4230
005 20250829094345.0
008 161015s1990 hu o 000 hun d
040 |a SZTE Egyetemi Kiadványok Repozitórium  |b hun 
041 |a hun 
100 1 |a Hollósi Zsolt 
245 1 0 |a Erdély   |h [elektronikus dokumentum] :  |b levél Marosvásárhelyről /  |c  Hollósi Zsolt 
260 |a Belvedere Meridionale  |b Szeged  |c 1990 
300 |a 5-6 
490 0 |a Belvedere Meridionale  |v 2 No. 2 
650 4 |a Bölcsészettudományok 
650 4 |a Történettudomány és régészet 
695 |a Testvérváros - Szeged-Marosvásárhely 
856 4 0 |u http://acta.bibl.u-szeged.hu/4230/1/belvedere_1990_002_005-006.pdf  |z Dokumentum-elérés